000 00669nam a2200229 i 4500
001 C2-0223495
003 PPAK
005 20180728152333.0
008 000217s1984 my a|||| ||||| | may d
020 _a9839851039
040 _aPPAK
_beng
_cPPAK
_erda
082 0 4 _a899.231
_223
090 0 0 _a899.231
_bANT
_dKAH
245 0 0 _aAntologi P.E.N Thailand :
_bcerpen dan puisi kemasyarakatan
264 1 _aKuala Lumpur :
_bP.E.N International Thailand Center ,
_c1984
300 _a108 pages :
_billustrations ;
_c19 cm
336 _2rdacontent
_atext
337 _2rdamedia
_aunmediated
338 _2rdacarrier
_avolume
650 1 0 _aMalay poetry
942 _ddc
_cB
999 _c144619
_d144619